Every US park with a coaster made by Intamin - Statistics

General Stats
  • This quiz has been taken 57 times
  • The average score is 18 of 24
Answers on the Map
Answers color-coded by a green-red scale on the quiz's map according to % correct below.
 
Answer Stats
Answer % Correct
Cedar Point
98%
Busch Gardens Tampa
92%
Six Flags Great America
92%
Busch Gardens Williamsburg
90%
Hersheypark
88%
Six Flags Great Adventure
88%
Universal Studios Florida
85%
Universal Studios Islands of Adventure
85%
Kings Dominion
83%
Six Flags America
79%
Six Flags Discovery Kingdom
79%
Knott's Berry Farm
77%
Six Flags New England
77%
California's great America
75%
SeaWorld San Diego
75%
SeaWorld San Antonio
69%
Six Flags Darien Lake
65%
Disney California Adventure Park
63%
Dorney
60%
ValleyFair!
60%
Elitch Gardens
56%
Nickelodeon Universe
50%
Nickelodeon Universe
50%
Lost Island Theme Park
44%
No matching quizzes found
Score Distribution
Percent of People with Each Score
Percentile by Number Answered
Your Score History
You have not taken this quiz